Statistics for Dogs And Their Breeds By Pictures

Click here to take the quiz!

General Stats

  • This quiz has been taken 4,095 times
  • The average score is 10 of 15

Answer Stats

Answer% Correct
german shepherd
97%
pug
91%
golden retriever
87%
beagle
85%
labrador
81%
great dane
78%
boxer
76%
doberman
76%
rottweiler
75%
pit bull
70%
yorkshire terrier
61%
chow chow
60%
bull dog
41%
poodle
25%
lhasa apso
6%

Score Distribution

Percentile by Number Answered

Percent of People with Each Score

Your Score History

You have not taken this quiz